Southville International School and Colleges
Your cart is empty.
  • Cart
  • Lists
    Public lists Eva Luna New books Lux_list list_1
    Your lists Log in to create your own lists
  • Log in to your account
  • Your cookies
  • Search history
Southville International School and Colleges
  • Advanced search
  • Recent comments
  • Most popular
  • Libraries

Log in to your account

Log in with GOOGLE


If you do not have an external account, but do have a local account, you can still log in:

  1. Home
  2. MARC view: Collaboration across the disciplines in health care /
Normal view MARC view ISBD view

Collaboration across the disciplines in health care / (Record no. 13386)

[ view plain ]
MARC details
000 -LEADER
fixed length control field 01359cam a22003494a 4500
001 - CONTROL NUMBER
control field 15527039
003 - CONTROL NUMBER IDENTIFIER
control field OSt
005 - DATE AND TIME OF LATEST TRANSACTION
control field 20140310182432.0
008 - FIXED-LENGTH DATA ELEMENTS--GENERAL INFORMATION
fixed length control field 081118s2010 maua b 001 0 eng
010 ## - LIBRARY OF CONGRESS CONTROL NUMBER
LC control number 2008050237
016 7# - NATIONAL BIBLIOGRAPHIC AGENCY CONTROL NUMBER
Record control number 101489406
Source DNLM
020 ## - INTERNATIONAL STANDARD BOOK NUMBER
International Standard Book Number 9780763755584 (pbk.)
035 ## - SYSTEM CONTROL NUMBER
System control number (OCoLC)ocn275864635
040 ## - CATALOGING SOURCE
Original cataloging agency DNLM/DLC
Transcribing agency DLC
Modifying agency BTCTA
-- NLM
-- YDXCP
-- C#P
-- CDX
-- BWX
-- EXW
-- DLC
042 ## - AUTHENTICATION CODE
Authentication code pcc
050 00 - LIBRARY OF CONGRESS CALL NUMBER
Classification number R 729.5
Item number .H4C65 2010
100 ## - MAIN ENTRY--PERSONAL NAME
Personal name Freshman, Brenda.
9 (RLIN) 7477
245 00 - TITLE STATEMENT
Title Collaboration across the disciplines in health care /
Statement of responsibility, etc editors, Brenda Freshman, Louis Rubino, Yolanda (Linda) Reid Chassiakos.
260 ## - PUBLICATION, DISTRIBUTION, ETC. (IMPRINT)
Place of publication, distribution, etc Sudbury, Mass. :
Name of publisher, distributor, etc Jones and Bartlett Publishers,
Date of publication, distribution, etc c2010.
300 ## - PHYSICAL DESCRIPTION
Extent xl, 399 p. :
Other physical details ill. ;
Dimensions 23 cm.
650 #0 - SUBJECT ADDED ENTRY--TOPICAL TERM
Topical term or geographic name as entry element Health care teams.
9 (RLIN) 7478
650 12 - SUBJECT ADDED ENTRY--TOPICAL TERM
Topical term or geographic name as entry element Patient Care Team
General subdivision organization & administration.
9 (RLIN) 7479
650 22 - SUBJECT ADDED ENTRY--TOPICAL TERM
Topical term or geographic name as entry element Cooperative Behavior.
9 (RLIN) 7480
650 22 - SUBJECT ADDED ENTRY--TOPICAL TERM
Topical term or geographic name as entry element Interprofessional Relations.
9 (RLIN) 7481
700 1# - ADDED ENTRY--PERSONAL NAME
Personal name Freshman, Brenda.
9 (RLIN) 7482
700 1# - ADDED ENTRY--PERSONAL NAME
Personal name Rubino, Louis.
9 (RLIN) 7483
700 1# - ADDED ENTRY--PERSONAL NAME
Personal name Chassiakos, Yolanda Reid.
9 (RLIN) 7484
906 ## - LOCAL DATA ELEMENT F, LDF (RLIN)
a 7
b cbc
c orignew
d 1
e ecip
f 20
g y-gencatlg
942 ## - ADDED ENTRY ELEMENTS (KOHA)
Source of classification or shelving scheme Library of Congress Classification
Koha item type
Holdings
Withdrawn status Lost status Source of classification or shelving scheme Damaged status Home library Current library Shelving location Date acquired Total Checkouts Full call number Barcode Date last seen Copy number Price effective from Koha item type
    Library of Congress Classification   South SEED-LPDH College Library South SEED-LPDH College Library South SEED-LPDH College Section 07/09/2012   R 729.5 .H4C65 2010 SSLC0801 04/20/2017 1 11/06/2013 Books

Collaboration across the disciplines in health care /

APA

Freshman B., Freshman B., Rubino L. & Chassiakos Y. R. (2010). Collaboration across the disciplines in health care. Sudbury, Mass: Jones and Bartlett Publishers.

Chicago

Freshman Brenda, Freshman Brenda, Rubino Louis and Chassiakos Yolanda Reid. 2010. Collaboration across the disciplines in health care. Sudbury, Mass: Jones and Bartlett Publishers.

Harvard

Freshman B., Freshman B., Rubino L. and Chassiakos Y. R. (2010). Collaboration across the disciplines in health care. Sudbury, Mass: Jones and Bartlett Publishers.

MLA

Freshman Brenda, Freshman Brenda, Rubino Louis and Chassiakos Yolanda Reid. Collaboration across the disciplines in health care. Sudbury, Mass: Jones and Bartlett Publishers. 2010.

  • Place hold
  • Print
  • Cite
  • Add to your cart (remove)
  • Save record
    BIBTEX Dublin Core MARCXML MARC (non-Unicode/MARC-8) MARC (Unicode/UTF-8) MARC (Unicode/UTF-8, Standard) MODS (XML) RIS
  • More searches
    Search for this title in:
    Other Libraries (WorldCat) Other Databases (Google Scholar) Online Stores (Bookfinder.com) Open Library (openlibrary.org)

Exporting to Dublin Core...

SOUTHVILLE LIBRARY

Southville International School and Colleges Library

1281 Tropical Ave. Cor. Luxembourg St., BF Homes International, Las Pinas City

Tel. No. 8256374 / 252358 Loc. 117/146

Powered by Koha